Music Quiz

Random Music or Musical Quiz

XXL Freshmen 2016 Quiz Stats

 Plays Quiz not verified by Sporcle

Challenge
Share
Tweet
Embed
Score 0/10 Timer 05:00
0 Plays Today
% Correct
Lil Uzi Vert
95.8%
Kodak Black
90.9%
Lil Yachty
89.7%
21 Savage
89%
Lil Dicky
86.7%
Denzel Curry
84.8%
Desiigner
76.8%
Anderson Paak
65.4%
G Herbo
56.7%
Dave East
51%

You're not logged in!

Compare scores with friends on all Sporcle quizzes.
Join for Free
OR
Log In

You Might Also Like...

Show Comments

Extras

Top Quizzes Today


Score Distribution

Your Account Isn't Verified!

In order to create a playlist on Sporcle, you need to verify the email address you used during registration. Go to your Sporcle Settings to finish the process.

Report this User

Report this user for behavior that violates our Community Guidelines.

Details: